000 00543nam a2200193Ia 4500
005 20240823042122.0
008 240823s9999||||xx |||||||||||||| ||und||
020 _a978-81-203-4050-3
041 _aENGLISH
082 _A621.3815 Q0
100 _aAbhijit Chakrabarti et al.
245 3 _aAn Introduction to Reactive Power Control and Voltage Stability in Power Transmission Systems
250 _a1st
260 _c2010
_bP H I. New D
500 _aTRANSFERED
650 _aReactive Power
_bElectronics
942 _cBK
999 _c207112
_d207112